000 00526nam a2200193Ia 4500
005 20250508155827.0
008 008 250505s9999 xx 000 0 eng d
037 _aDissertations
040 _aFEDL
_beng
_cFEDL
041 _aeng
_2eng
084 _a371.32, KAR/DI
_qFEDL
100 _aKarkare A G
_9767576
245 0 _aStudy of pupils attitude towards home-work
260 _c1951
300 _a44p.
546 _aM.Ed Dissertation 1951
942 _cDIS
_h371.32, KAR/DI
999 _c1359481
_d1359481